| 000 | 00646nam a2200193Ia 4500 | ||
|---|---|---|---|
| 003 | GCL | ||
| 005 | 20240530095256.0 | ||
| 008 | 140319s9999 xx 000 0 ara d | ||
| 040 |
_aGCL / _cGCL |
||
| 082 | 0 | 4 |
_a623.45115 _bق/م م |
| 245 | 1 | 0 | _aملف مشكلة الالغام فى مصر |
| 260 |
_aالقاهرة : _bمركز الاهرام للتنظيم وتكنولوجيا المعلومات ، _c2002 |
||
| 300 |
_a74 ص ؛ _c28 سم |
||
| 650 | 0 | 4 | _aالالغام |
| 650 | 0 | 4 | _aالالغام - ازالة |
| 650 | 0 | 4 | _aالالغام - مصر |
| 650 | 0 | 4 | _aالالغام - مصر - مقالات ومحاضرات |
| 942 |
_2ddc _cBK |
||
| 999 |
_c5700 _d5700 |
||